| 000 | 00431nam a22001577a 4500 | ||
|---|---|---|---|
| 005 | 20171211150436.0 | ||
| 008 | 171211b xxu||||| |||| 00| 0 eng d | ||
| 020 | _a9780195474954 | ||
| 040 | _cPK-LaUMT | ||
| 082 |
_aPKAC 322.5095491 _bAYE-M |
||
| 100 | _aAyesha Siddiqa | ||
| 245 |
_aMilitary inc. : inside Pakistan's military economy/ _cAyesha Siddiqa |
||
| 260 |
_aKarachi: _bOxford, _c2007 |
||
| 300 | _a292 p. | ||
| 942 | _cBK | ||
| 999 |
_c100688 _d100688 |
||